| 000 | 00426nam a2200181Ia 4500 | ||
|---|---|---|---|
| 008 | 240925s9999 xx 000 0 und d | ||
| 020 | _aNA | ||
| 082 | _a891.5509 MAH | ||
| 100 | _aMaho ,Gulam Abbas | ||
| 245 | 0 | _aGulistan-E-Sadi | |
| 250 | _aNA | ||
| 260 |
_aNA _bNA _c,2001. |
||
| 300 |
_axxxiv,968p. _bN.A _fPhotocopy |
||
| 500 | _aNA | ||
| 600 | _aHumanities & Natural Science | ||
| 650 | _aLiterature | ||
| 942 | _cBK | ||
| 999 |
_c10785 _d10785 |
||